Quiz sur le Lot - Statistiques

Statistiques générales
  • Ce quiz a été pris 395 fois
  • Le résultat moyen est 14 sur 20
Statistiques - réponses
Question Réponse % Correct
Numéro du département 46
97%
Région Occitanie
96%
Préfecture et plus grande ville Cahors
94%
Lot-et-Garonne
86%
Corrèze
84%
Départements limitrophes Aveyron
81%
Cité médiéval à flan de falaise, considéré comme l'un des sites les plus touristiques de France. Rocamadour
79%
Sous-préfectures Figeac
78%
Dordogne
77%
Tarn-et-Garonne
77%
Site touristique représenté sur l'image. Gouffre de Padirac
74%
Gentilé Lotois
74%
Cantal
73%
Ancien village au nom rigolo popularisé par un sketch dans les années 1970. Montcuq
73%
''Diamant noir'' que l'on récoltait autrefois à hauteur de 300 tonnes. La truffe noire
66%
Gourdon
63%
Boisson protégée par une AOC et connue à l'internationale. Le vin
57%
Nombre d'habitants (arrondi à la dizaine de milliers d'habitants) 170 000 (173 828)
41%
Ancienne province française dont le Lot faisait entièrement parti. Le Quercy
35%
85 sites de plongée souterraine sont répertoriés dans le Lot ce qui en fait le deuxième lieu au monde. Qui est le premier de ce classement ? (indice : région nord-américaine connue pour ses plages et ses pyramides). Le Yucatan
21%
Aucun quiz correspondant
Distribution des résultats
% des personnes avec chaque résultat
Percentile par nombre de réponses
Votre historique - résultats
Vous n’avez pas pris ce quiz